|
|
|
|
| LEADER |
01519cam a2200325 7i4500 |
| 001 |
0000017040 |
| 005 |
20221006090000.0 |
| 008 |
070810 eng |
| 020 |
|
|
|a 9834163991
|
| 020 |
|
|
|a 9789834163990
|
| 050 |
0 |
0 |
|a HF5415.5 CLI 2006
|
| 090 |
0 |
0 |
|a HF5415.5
|b .C55 2006
|
| 245 |
0 |
0 |
|a Client's charter :
|b a study on the implementation of the client's charter in the Ministry of Health Malaysia
|c authors Haniza Mohd. Anuar ... [et al.].
|
| 260 |
|
|
|a Kuala Lumpur:
|b Institute for Health Systems Research,
|c 2006.
|
| 300 |
|
|
|a iv, 25 p.:
|b col. ill.;
|c 24 cm.
|
| 504 |
|
|
|a Includes bibliographical references
|
| 610 |
2 |
|
|a Malaysia --
|x Customer services
|
| 650 |
0 |
0 |
|a Customer services --
|x Case studies --
|z Malaysia
|
| 650 |
0 |
0 |
|a Public health administration --
|x Case studies --
|z Malaysia
|
| 700 |
0 |
|
|a Haniza Mohd. Anuar
|
| 999 |
|
|
|a 0000018351
|b BOK
|c OPEN SHELF
|e 1st Floor, Shah Alam
|
| 999 |
|
|
|a 0000018352
|b BOK
|c OPEN SHELF
|e 1st Floor, Shah Alam
|
| 999 |
|
|
|a 0000018353
|b BOK
|c OPEN SHELF
|e 1st Floor, Shah Alam
|
| 999 |
|
|
|a 0000018354
|b BOK
|c OPEN SHELF
|e 1st Floor, Shah Alam
|
| 999 |
|
|
|a MAL0000263
|b BOK
|c MALAYSIANA
|e 2nd Floor, Shah Alam
|
| 999 |
|
|
|a MAL0000264
|b BOK
|c MALAYSIANA
|e 2nd Floor, Shah Alam
|
| 999 |
|
|
|a MAL0000265
|b BOK
|c MALAYSIANA
|e 2nd Floor, Shah Alam
|
| 999 |
|
|
|a MAL0000266
|b BOK
|c MALAYSIANA
|e Ground Floor, Bestari Jaya
|
| 999 |
|
|
|a MAL0000267
|b BOK
|c MALAYSIANA
|e Ground Floor, Bestari Jaya
|
| 999 |
|
|
|a MAL0000268
|b BOK
|c MALAYSIANA
|e Ground Floor, Bestari Jaya
|